000
00249nmm a2200085Ia 4500
008
220120s9999||||xx |||||||||||||||||und||
100
_a
PCQ-NOV-2006
_9
10944
245
0
_a
Featuring latest IT news, new products leaunches, interviws,
260
_b
New Delhi
999
_c
138946
_d
138946